Statistiken für Filme erraten mit Bildern - Die besten Filme (Platz 51- 100)

Klicken Sie hier um das Quiz zu spielen!

Allgemein

  • Dieses Quiz wurde 226 mal gespielt
  • Das Durchschnittsergebnis liegt bei 21 aus 50

Antwortstatistiken

Antwort% Korrekt
M - Eine Stadt sucht einen Mörder
99%
Toy Story
95%
Toy Story 3
95%
Joker
93%
WALL-E
91%
Spider-Man A New Universe
90%
Indiana Jones - Jäger des verlorenen Schatze
89%
Avengers Endgame
86%
Avengers Infinity War
86%
Alien
78%
Aliens: Die Rückkehr
78%
Star Wars VI
67%
Inglourious Basterds
63%
Django Unchained
62%
The Dark Knight Rises
61%
Braveheart
60%
Das Boot
57%
Shining
51%
Coco - Lebendiger als das Leben
49%
Dr. Seltsam oder: Wie ich lernte die Bombe zu lieben
49%
Prinzessin Mononoke
39%
American Beauty
37%
Das Leben der Anderen
35%
Citizen Kane
31%
Der große Diktator
31%
Good Will Hunting
30%
Your Name
30%
2001 - Odyssee im Weltraum
28%
Lawrence von Arabien
27%
Amadeus
26%
Das Fenster zum Hof
26%
Singin' in the Rain
26%
Memento
24%
Reservoir Dogs
23%
Spiel mir das Lied vom Tod
21%
Apocalypse Now
19%
Oldboy
16%
Die Jagd
14%
Vergiss mein nicht
13%
Es war einmal in Amerika
11%
Zeugin der Anklage
9%
Lichter der Großstadt
8%
Komm und Sieh
7%
Requiem for a Dream
7%
Sunset Boulevard / Boulevard der Dämmerung
6%
3 Idiots
5%
Wege zum Ruhm
5%
Capernaum - Stadt der Hoffnung
4%
Ikiru : Einmal wirklich leben
3%
Zwischen Himmel und Hölle
2%

Verteilung der Resultate

Perzentil nach korrekt beantworteten Fragen

Anzahl Personen mit jedem Resultat

Ihre Resultats-Entwicklung

Sie haben dieses Quiz noch nicht gespielt